[Event "GRE-ch U10"]
[Site "Peristeri"]
[Date "2023.07.05"]
[Round "4"]
[White "Alexandrakis, Venizelos"]
[Black "Papakyriakou, Petros"]
[Result "0-1"]
[WhiteElo "1049"]
[BlackElo "1086"]
[PlyCount "60"]
[EventDate "2023.07.03"]
[EventType "swiss"]
[EventRounds "9"]
[EventCountry "GRE"]
[SourceTitle "EXT 2024"]
[Source "ChessBase"]
[SourceDate "2023.10.10"]
[SourceVersion "1"]
[SourceVersionDate "2023.10.10"]
[SourceQuality "1"]

1. e4 c5 2. Nf3 d6 3. d4 cxd4 4. Nxd4 Nf6 5. Nc3 g6 6. Bc4 Bg7 7. Be3 0-0 8. 0-0 Nc6 9. Re1 Bd7 10. Qd2 Ng4 11. Nxc6 Bxc6 12. Bd4 e5 13. Be3 Nxe3 14. Rxe3 Bh6 15. f4 Bxf4 16. Qf2 Bxe3 17. Qxe3 Qb6 18. Qxb6 axb6 19. Rf1 Kg7 20. Nd5 Bxd5 21. Bxd5 f5 22. a3 Rac8 23. c3 Rc7 24. exf5 Rxf5 25. Rxf5 gxf5 26. Kf2 Kf6 27. Kf3 e4+ 28. Kf4 Re7 29. g3 e3 30. Bc4 e2 0-1

[Event "GRE-ch U10"]
[Site "Peristeri"]
[Date "2023.07.04"]
[Round "2"]
[White "Alexandrakis, Venizelos"]
[Black "Kalligeris, Ioannis"]
[Result "1/2-1/2"]
[WhiteElo "1049"]
[BlackElo "1107"]
[PlyCount "91"]
[EventDate "2023.07.03"]
[EventType "swiss"]
[EventRounds "9"]
[EventCountry "GRE"]
[SourceTitle "EXT 2024"]
[Source "ChessBase"]
[SourceDate "2023.10.10"]
[SourceVersion "1"]
[SourceVersionDate "2023.10.10"]
[SourceQuality "1"]

1. e4 c5 2. Nf3 Nc6 3. d4 cxd4 4. Nxd4 g6 5. Be3 Bg7 6. Nxc6 bxc6 7. Bd4 e5 8. Bc3 Qe7 9. Be2 Nf6 10. Bf3 0-0 11. 0-0 Ba6 12. Re1 Ne8 13. Nd2 Nc7 14. Nb3 Nb5 15. Qd2 Nxc3 16. Qxc3 Rfb8 17. Rad1 Rd8 18. Rd2 Rac8 19. Red1 d5 20. exd5 e4 21. Qe3 cxd5 22. c3 Qh4 23. g3 Qh6 24. Bg2 Qxe3 25. fxe3 Bb7 26. Bxe4 Bh6 27. Rd3 Ba6 28. Rxd5 Bxe3+ 29. Kg2 Re8 30. Bf3 g5 31. Bh5 Bb7 32. Kf1 Bxd5 33. Rxd5 Rcd8 34. Rxd8 Rxd8 35. Ke2 Re8 36. Kd3 Bg1 37. Nd4 Bxh2 38. Nf5 Re6 39. Bg4 Re1 40. c4 Bg1 41. b4 Ra1 42. c5 Rxa2 43. c6 Bb6 44. Ne7+ Kf8 45. Nd5 Ra3+ 46. Ke4 1/2-1/2